<?xml version="1.0" encoding="UTF-8"?><?xml-stylesheet type="text/xsl" href="static/style.xsl"?><OAI-PMH xmlns="http://www.openarchives.org/OAI/2.0/" xmlns:xsi="http://www.w3.org/2001/XMLSchema-instance" xsi:schemaLocation="http://www.openarchives.org/OAI/2.0/ http://www.openarchives.org/OAI/2.0/OAI-PMH.xsd"><responseDate>2026-06-06T04:19:34Z</responseDate><request verb="GetRecord" identifier="oai:riuma.uma.es:10630/38394" metadataPrefix="marc">https://riuma.uma.es/rest/oai/request</request><GetRecord><record><header><identifier>oai:riuma.uma.es:10630/38394</identifier><datestamp>2026-02-03T11:18:34Z</datestamp><setSpec>com_10630_2254</setSpec><setSpec>col_10630_37953</setSpec></header><metadata><record xmlns="http://www.loc.gov/MARC21/slim" xmlns:dcterms="http://purl.org/dc/terms/" xmlns:doc="http://www.lyncode.com/xoai" xmlns:xsi="http://www.w3.org/2001/XMLSchema-instance" xsi:schemaLocation="http://www.loc.gov/MARC21/slim http://www.loc.gov/standards/marcxml/schema/MARC21slim.xsd">
   <leader>00925njm 22002777a 4500</leader>
   <datafield ind2=" " ind1=" " tag="042">
      <subfield code="a">dc</subfield>
   </datafield>
   <datafield ind2=" " ind1=" " tag="720">
      <subfield code="a">Ortega-Ávila, Ana Belén</subfield>
      <subfield code="e">author</subfield>
   </datafield>
   <datafield ind2=" " ind1=" " tag="720">
      <subfield code="a">Sánchez-Morilla, Sandra</subfield>
      <subfield code="e">author</subfield>
   </datafield>
   <datafield ind2=" " ind1=" " tag="720">
      <subfield code="a">Galán-Hurtado, María Hermas</subfield>
      <subfield code="e">author</subfield>
   </datafield>
   <datafield ind2=" " ind1=" " tag="720">
      <subfield code="a">Cervera-Garvi, Pablo</subfield>
      <subfield code="e">author</subfield>
   </datafield>
   <datafield ind2=" " ind1=" " tag="720">
      <subfield code="a">García Medina, Jorge</subfield>
      <subfield code="e">author</subfield>
   </datafield>
   <datafield ind2=" " ind1=" " tag="720">
      <subfield code="a">Marchena-Rodríguez, Ana José</subfield>
      <subfield code="e">author</subfield>
   </datafield>
   <datafield ind2=" " ind1=" " tag="260">
      <subfield code="c">2025-03</subfield>
   </datafield>
   <datafield ind2=" " ind1=" " tag="520">
      <subfield code="a">Background: The Foot and Ankle Ability Measure is frequently used by clinicians and researchers to assess the effectiveness of therapeutic interventions for patients with foot and ankle pathologies. To review different versions of the FAAM and to evaluate the methodological quality of studies published in this respect.&#xd;
&#xd;
Methods: Systematic review.&#xd;
&#xd;
Setting: A search was conducted in the PubMed, SCOPUS, PEDro, PROSPERO and SPORTDiscus databases, applying the following inclusion criteria: validation studies of the Foot and Ankle Ability Measure, in different languages, with no time limit, in a population aged ≥18 years. Two of the present authors independently assessed the quality of the studies located and extracted the relevant data. The COSMIN checklist was employed to assess methodological quality.&#xd;
&#xd;
Results: Thirteen instruments met the inclusion criteria for this review. In many cases, significant methodological flaws were detected, mostly regarding criterion validity and measurement error.&#xd;
&#xd;
Conclusion: Only the Spanish-language cultural adaptation of the FAAM presents adequate methodological quality. Further studies, with greater methodological rigour, are required of the cultural adaptations of this measurement instrument</subfield>
   </datafield>
   <datafield ind1="8" ind2=" " tag="024">
      <subfield code="a">Ortega-Avila AB, Sanchez-Morilla S, Galan-Hurtado MH, Cervera-Garvi P, Garcia-Medina J, Marchena-Rodriguez A. Foot and Ankle Ability Measure (FAAM) Questionnaire: A Systematic Review. J Am Podiatr Med Assoc. 2025 Mar 12:1-36. doi: 10.7547/24-070. Epub ahead of print. PMID: 40072924.</subfield>
   </datafield>
   <datafield ind1="8" ind2=" " tag="024">
      <subfield code="a">https://hdl.handle.net/10630/38394</subfield>
   </datafield>
   <datafield ind1="8" ind2=" " tag="024">
      <subfield code="a">10.7547/24-070</subfield>
   </datafield>
   <datafield tag="653" ind2=" " ind1=" ">
      <subfield code="a">Tobillo - Heridas y lesiones</subfield>
   </datafield>
   <datafield ind2="0" ind1="0" tag="245">
      <subfield code="a">Foot and Ankle Ability Measure (FAAM) Questionnaire: A Systematic Review.</subfield>
   </datafield>
</record>
</metadata></record></GetRecord></OAI-PMH>